Vista normal
Vista MARC
- Kastillo Ramírez, Yadira
Entrada Nombre personal
Número de registros utilizados en: 1
001 - NÚMERO DE CONTROL
- campo de control: 12676
003 - IDENTIFICADOR DE NÚMERO DE CONTROL
- campo de control: gtgcusco
005 - FECHA Y HORA DE LA ÚLTIMA TRANSACCIÓN
- campo de control: 20250523123430.0
008 - ELEMENTOS DE DATO DE LONGITUD-FIJA
- campo de control de longitud fija: 250523|| aca||aabn | a|a d
040 ## - FUENTE DE CATALOGACIÓN
- Centro catalogador/agencia de origen: gtgcusco
- Centro/agencia transcriptor: gtgcusco
100 ## - ENCABEZAMIENTO-NOMBRE DE PERSONA
- Nombre de persona: Kastillo Ramírez, Yadira
670 ## - FUENTE DE DATOS ENCONTRADOS
- Cita de la fuente: Work cat.: (gtgcusco)5219: Kastillo Ramírez, Yadira, Determinación del índice comunitario de necesidades de tratamiento periodontal, en estudiantes de 15 años de edad, de institutos nacionales de educación básica en las cabeceras departamentales de Sololá y Quetzaltenango., 1999

